000 00624nam a2200241 i 4500
001 C2-0300027
003 PPAK
005 20180728081612.0
008 090930s2008 enk |||| ||||| | eng d
020 _a9780747586319
040 _aPPAK
_beng
_cPPAK
_erda
082 0 4 _a823
_223
090 0 0 _a823
_bLAK
_dG
100 1 _aLake, A.J.,
_eauthor
245 1 4 _aThe circle of stone
264 1 _aLondon :
_bBloomsbury Publishing ,
_c2008
300 _a295 pages ;
_c20 cm
336 _2rdacontent
_atext
337 _2rdamedia
_aunmediated
338 _2rdacarrier
_avolume
650 1 0 _aEnglish fiction
942 _ddc
_cB
999 _c103942
_d103942